Electricidad industrial

Uloženo v:
Podrobná bibliografie
Hlavní autor: Dawes, Chester Laurens (Autor)
Médium: Kniha
Jazyk:španělština
Vydáno: Barcelona Reverté 1966
Vydání:2a. ed
Témata:
Tagy: Přidat tag
Žádné tagy, Buďte první, kdo vytvoří štítek k tomuto záznamu!

MARC

LEADER 00000cam a2200000 a 4500
001 UCV4423
003 CL-VaPUC
008 921109e19660000SP |||||||||||||||||spa|d
082 0 4 |a 621.3  |b DAW  |2 21 
100 0 |a Dawes, Chester Laurens  |e author  |9 298686 
245 1 0 |a Electricidad industrial 
250 |a 2a. ed 
300 |a 2 v 
942 |c BK 
945 |d 19921109 00:00:00  |a mfernand 
260 |a Barcelona  |b Reverté  |c 1966 
650 0 |a Ingeniería eléctrica  |9 260573 
650 0 |a Corriente continua   |9 260069 
650 0 |a Corriente alterna   |9 260070 
583 |a last modification  |c 20130114 08:57:27  |k Rodrigo Vera 
999 |c 211260  |d 211258 
952 |0 0  |1 0  |4 0  |6 621_300000000000000_DAW_1966  |7 0  |8 A  |9 189938  |a BIBING  |b BIBING  |d 2019-11-14  |h v.1  |i 1680390  |o 621.3 DAW 1966  |p 1680390  |r 2025-01-20  |w 2019-11-14  |y BK  |k EIE 
952 |0 0  |1 0  |4 0  |6 621_300000000000000_DAW_1966  |7 0  |8 A  |9 189939  |a BIBING  |b BIBING  |d 2019-11-14  |h v.1  |i 1680242  |o 621.3 DAW 1966  |p 1680242  |r 2025-01-20  |w 2019-11-14  |y BK  |k EIE 
952 |0 0  |1 0  |4 0  |6 621_300000000000000_DAW_1966  |7 0  |8 A  |9 189941  |a BIBING  |b BIBING  |d 2019-11-14  |h v.2  |i 1680498  |o 621.3 DAW 1966  |p 1680498  |r 2025-01-20  |w 2019-11-14  |y BK  |k EIE